[Event "NRW Class2 1415"]
[Site "Germany"]
[Date "2014.11.16"]
[Round "3.7"]
[White "Peters, Ortwin"]
[Black "Krueger, Tim"]
[Result "1/2-1/2"]
[WhiteElo "1961"]
[BlackElo "2036"]
[PlyCount "46"]
[EventDate "2014.09.14"]
[EventType "team-tourn"]
[EventRounds "9"]
[EventCountry "GER"]
[SourceTitle "EXT 2017"]
[Source "ChessBase"]
[SourceDate "2016.10.25"]
[SourceVersion "1"]
[SourceVersionDate "2016.10.25"]
[SourceQuality "1"]
[WhiteTeam "Wuppertal Bahn"]
[BlackTeam "Guetersloh"]
[WhiteTeamCountry "GER"]
[BlackTeamCountry "GER"]

1. c4 b6 2. Nf3 Bb7 3. Nc3 e6 4. d4 f5 5. g3 Nf6 6. a3 Be7 7. Bg2 0-0 8. 0-0 Ne4 9. Qc2 Nxc3 10. Qxc3 Bf6 11. e3 d6 12. b4 Nd7 13. Bb2 Qe7 14. Qb3 Be4 15. Rfd1 g5 16. Rd2 Kh8 17. Rad1 Rf7 18. Ne1 Bxg2 19. Nxg2 e5 20. c5 e4 21. cxb6 axb6 22. Qd5 Raf8 23. Qxf5 Bg7 1/2-1/2

[Event "NRW Class2 1213"]
[Site "Germany"]
[Date "2013.04.07"]
[Round "8.7"]
[White "Krueger, Tim"]
[Black "Rybarczyk, Klaus"]
[Result "0-1"]
[WhiteElo "2046"]
[BlackElo "2088"]
[PlyCount "104"]
[EventDate "2012.09.16"]
[EventType "team-tourn"]
[EventRounds "9"]
[EventCountry "GER"]
[SourceTitle "EXT 2017"]
[Source "ChessBase"]
[SourceDate "2016.10.25"]
[SourceVersion "1"]
[SourceVersionDate "2016.10.25"]
[SourceQuality "1"]
[WhiteTeam "Guetersloh"]
[BlackTeam "Niederkassel"]
[WhiteTeamCountry "GER"]
[BlackTeamCountry "GER"]

1. d4 Nf6 2. Nf3 g6 3. Nc3 d5 4. Bf4 Bg7 5. e3 0-0 6. Ne5 Nh5 7. Bg5 c6 8. Be2 f6 9. g4 fxe5 10. gxh5 h6 11. Bh4 g5 12. Bg3 exd4 13. exd4 Qb6 14. Na4 Qxd4 15. Qxd4 Bxd4 16. c3 Bg7 17. Nc5 e5 18. 0-0-0 b6 19. Nd3 Nd7 20. h4 Bf6 21. Rdg1 Kh8 22. Bg4 Re8 23. hxg5 hxg5 24. h6 Nc5 25. Be2 Nxd3+ 26. Bxd3 e4 27. Be2 Bf5 28. Re1 d4 29. cxd4 Bxd4 30. Bh5 Red8 31. Bf7 Rd7 32. Bb3 Re8 33. Bc2 Bh7 34. Re2 Rde7 35. Rhe1 Bg6 36. f3 Kh7 37. fxe4 Kxh6 38. Rh1+ Kg7 39. Rhe1 Re6 40. a3 Rf8 41. Bb3 Ree8 42. Bd6 Rf3 43. Bc2 Bf2 44. Rd1 g4 45. Bb4 g3 46. Bc3+ Kg8 47. Be1 Re3 48. Rdd2 Rxe2 49. Rxe2 Rf8 50. Bb3+ Kh7 51. Bc4 Bh5 52. Bxf2 Bxe2 0-1

[Event "Lippe Cup 05th"]
[Site "Lieme"]
[Date "2008.09.28"]
[Round "4"]
[White "Krueger, Tim"]
[Black "Scharnowski, Tobias"]
[Result "0-1"]
[WhiteElo "1989"]
[BlackElo "2129"]
[PlyCount "70"]
[EventDate "2008.09.26"]
[EventType "swiss"]
[EventRounds "5"]
[EventCountry "GER"]
[SourceTitle "EXT 2012"]
[Source "ChessBase"]
[SourceDate "2011.11.24"]
[SourceVersion "1"]
[SourceVersionDate "2011.11.24"]
[SourceQuality "1"]

1. d4 d5 2. c4 dxc4 3. Nf3 Nf6 4. e3 e6 5. Bxc4 c5 6. 0-0 a6 7. a4 Nc6 8. Qe2 Qc7 9. Rd1 Bd7 10. Nc3 Bd6 11. dxc5 Bxc5 12. Bd2 0-0 13. Rac1 Rac8 14. Be1 Rfd8 15. Ba2 Nb4 16. Bb1 Qb6 17. Ne5 Be8 18. Rxd8 Rxd8 19. Ne4 Be7 20. Rc4 Nbd5 21. Qc2 Nxe4 22. Rxe4 g6 23. h4 Nf6 24. Rc4 Qd6 25. Nd3 b5 26. Rd4 Nd5 27. e4 Bf6 28. e5 Qb6 29. Re4 Be7 30. h5 bxa4 31. hxg6 hxg6 32. Nf4 Qb3 33. Qe2 Nxf4 34. Rxf4 Qd1 35. Re4 Qxb1 0-1

[Event "Lippe Cup 04th"]
[Site "Lieme"]
[Date "2007.09.30"]
[Round "4"]
[White "Kewe, Ludger"]
[Black "Krueger, Tim"]
[Result "0-1"]
[WhiteElo "1911"]
[BlackElo "1987"]
[PlyCount "48"]
[EventDate "2007.09.28"]
[EventType "swiss"]
[EventRounds "5"]
[EventCountry "GER"]
[SourceTitle "EXT 2012"]
[Source "ChessBase"]
[SourceDate "2011.11.24"]
[SourceVersion "1"]
[SourceVersionDate "2011.11.24"]
[SourceQuality "1"]

1. e4 d5 2. exd5 Qxd5 3. Nc3 Qd6 4. d4 Nf6 5. Bc4 a6 6. Nge2 Qc6 7. Bd3 Qxg2 8. Rg1 Qh3 9. Bf4 Qd7 10. Ne4 g6 11. Nxf6+ exf6 12. Qd2 Nc6 13. 0-0-0 b6 14. Bc4 Bb7 15. Nc3 0-0-0 16. Ne2 h5 17. Qd3 g5 18. Be3 Kb8 19. f4 g4 20. a3 a5 21. Bb5 Qc8 22. Qc4 Na7 23. d5 Nxb5 24. Qxb5 Ba6 0-1

[Event "Lippe Cup 04th"]
[Site "Lieme"]
[Date "2007.09.29"]
[Round "3"]
[White "Krueger, Tim"]
[Black "Gazic, Josip"]
[Result "0-1"]
[WhiteElo "1987"]
[BlackElo "2278"]
[PlyCount "118"]
[EventDate "2007.09.28"]
[EventType "swiss"]
[EventRounds "5"]
[EventCountry "GER"]
[SourceTitle "EXT 2012"]
[Source "ChessBase"]
[SourceDate "2011.11.24"]
[SourceVersion "1"]
[SourceVersionDate "2011.11.24"]
[SourceQuality "1"]

1. Nf3 g6 2. c4 Bg7 3. Nc3 Nf6 4. d4 0-0 5. e4 d6 6. Be2 c5 7. d5 a6 8. 0-0 Bg4 9. a4 a5 10. Ne1 Bxe2 11. Qxe2 Na6 12. Nd3 Nb4 13. Bg5 Qd7 14. Bxf6 Bxf6 15. Nxb4 axb4 16. Nb5 Ra6 17. Qc2 g5 18. Rae1 Be5 19. b3 Kh8 20. f3 Raa8 21. g3 Rg8 22. Kh1 Qh3 23. Rg1 Rg6 24. Qg2 Qh6 25. Ref1 Rf8 26. Qc2 Rfg8 27. Qd2 Qh3 28. Qg2 Qd7 29. Qc2 R8g7 30. Rg2 Rf6 31. Rgg1 Rgg6 32. Qd2 h5 33. Kg2 Rg7 34. Kh1 h4 35. g4 h3 36. Qd3 Rgg6 37. Qe2 Rg8 38. Rd1 Rh6 39. Rd3 Qd8 40. Qd2 Qf8 41. Qe3 Qg7 42. Qd2 Qf6 43. Qe3 Bf4 44. Qe2 Qe5 45. Rb1 Kg7 46. Rbd1 Rd8 47. Qc2 Kf8 48. Qf2 e6 49. dxe6 fxe6 50. Rxd6 Rxd6 51. Nxd6 Rh7 52. Nb5 Ke8 53. Nd6+ Kf8 54. Nb5 Ke7 55. Nd6 Kf6 56. Nb5 b6 57. Qc2 Rf7 58. Qd3 Qb2 59. Qd8+ Kg7 0-1

[Event "Bielefeld Gr5"]
[Site "Bielefeld"]
[Date "2007.05.26"]
[Round "2"]
[White "Krueger, Tim"]
[Black "Jackl, Christian"]
[Result "1/2-1/2"]
[WhiteElo "1980"]
[BlackElo "1754"]
[PlyCount "64"]
[EventDate "2007.05.25"]
[EventType "tourn"]
[EventRounds "7"]
[EventCountry "GER"]
[SourceTitle "EXT 2008"]
[Source "ChessBase"]
[SourceDate "2007.11.25"]
[SourceVersion "1"]
[SourceVersionDate "2007.11.25"]
[SourceQuality "1"]

1. Nf3 d5 2. c4 c6 3. d4 Bg4 4. Nc3 e6 5. Qb3 Qb6 6. c5 Qxb3 7. axb3 Nd7 8. b4 Bxf3 9. gxf3 e5 10. dxe5 Nxe5 11. Bf4 Ng6 12. Bg3 Nf6 13. e4 dxe4 14. fxe4 Be7 15. Bg2 0-0 16. 0-0 a5 17. bxa5 Bxc5 18. Rfd1 Rfd8 19. Rxd8+ Rxd8 20. Rd1 Rxd1+ 21. Nxd1 Ng4 22. Bh3 h5 23. Kg2 Bb4 24. f3 N4e5 25. Bc8 Bxa5 26. Bxb7 c5 27. Ba6 Kf8 28. Ne3 Bd2 29. Nd5 c4 30. Bxe5 Nxe5 31. f4 Nd3 32. Bxc4 Nxf4+ 1/2-1/2

[Event "Werther Schloss op-B 12th"]
[Site "Werther"]
[Date "2006.04.09"]
[Round "5"]
[White "Meyer, Bettina"]
[Black "Krueger, Tim"]
[Result "1/2-1/2"]
[WhiteElo "1944"]
[BlackElo "1849"]
[PlyCount "52"]
[EventDate "2006.04.07"]
[EventType "swiss"]
[EventRounds "5"]
[EventCountry "GER"]
[SourceTitle "EXT 2008"]
[Source "ChessBase"]
[SourceDate "2007.11.25"]
[SourceVersion "1"]
[SourceVersionDate "2007.11.25"]
[SourceQuality "1"]

1. d4 Nf6 2. c4 e5 3. dxe5 Ng4 4. Bf4 Nc6 5. Nf3 Bb4+ 6. Nbd2 Qe7 7. e3 Ngxe5 8. Nxe5 Nxe5 9. Be2 b6 10. 0-0 Bxd2 11. Qxd2 Bb7 12. Qc3 f6 13. b4 d6 14. c5 0-0 15. Rac1 Rfd8 16. cxd6 cxd6 17. Rc2 Rac8 18. Qb3+ Qf7 19. Qxf7+ Kxf7 20. Rfc1 Rxc2 21. Rxc2 Rc8 22. Rxc8 Bxc8 23. Kf1 Ke7 24. Ke1 Be6 25. a3 Nc4 26. Bxc4 Bxc4 1/2-1/2

[Event "Lippe Cup 02nd"]
[Site "Lieme"]
[Date "2005.10.09"]
[Round "4"]
[White "Krueger, Tim"]
[Black "Henkemeier, Michael"]
[Result "1/2-1/2"]
[WhiteElo "1669"]
[BlackElo "1876"]
[PlyCount "64"]
[EventDate "2005.10.07"]
[EventType "swiss"]
[EventRounds "5"]
[EventCountry "GER"]
[SourceTitle "EXT 2012"]
[Source "ChessBase"]
[SourceDate "2011.11.24"]
[SourceVersion "1"]
[SourceVersionDate "2011.11.24"]
[SourceQuality "1"]

1. Nf3 d5 2. c4 e6 3. e3 c6 4. b3 f5 5. Bb2 Nf6 6. Be2 Bd6 7. 0-0 0-0 8. d4 Bd7 9. Nbd2 Be8 10. Ne5 Nbd7 11. f4 Qe7 12. Rf3 Ne4 13. Nxd7 Qxd7 14. Nxe4 fxe4 15. Rh3 Bg6 16. Bh5 Bxh5 17. Qxh5 g6 18. Qe2 b5 19. c5 Bc7 20. a3 a5 21. Rf1 Rf7 22. Qg4 Raf8 23. Rg3 Kh8 24. h4 Bd8 25. Rh3 Rf5 26. g3 Qf7 27. Qe2 Qg7 28. g4 R5f7 29. g5 Rf5 30. Rf2 Kg8 31. Rfh2 h6 32. Rg3 h5 1/2-1/2

[Event "Moehnesee Cup-B"]
[Site "Moehnesee"]
[Date "2005.08.21"]
[Round "7"]
[White "Mantler, Thorben"]
[Black "Krueger, Tim"]
[Result "1/2-1/2"]
[WhiteElo "1765"]
[BlackElo "1666"]
[PlyCount "59"]
[EventDate "2005.08.18"]
[EventType "swiss"]
[EventRounds "7"]
[EventCountry "GER"]
[SourceTitle "CBM 108 Extra"]
[Source "ChessBase"]
[SourceDate "2005.11.04"]
[SourceVersion "1"]
[SourceVersionDate "2005.11.04"]
[SourceQuality "1"]

1. Nf3 c5 2. c4 Nf6 3. Nc3 b6 4. g3 Bb7 5. Bg2 e6 6. e3 Be7 7. 0-0 0-0 8. d4 d5 9. cxd5 Nxd5 10. Re1 cxd4 11. Nxd5 Bxd5 12. exd4 Bf6 13. Ne5 Bxg2 14. Kxg2 Qd5+ 15. Qf3 Qxf3+ 16. Nxf3 Rd8 17. Be3 Nc6 18. Red1 Rac8 19. Rac1 Nb4 20. a3 Nd5 21. Bg5 Bxg5 22. Nxg5 h6 23. Nf3 f6 24. Re1 Kf7 25. Nd2 Ke7 26. Nf1 Rxc1 27. Rxc1 Kd7 28. Ne3 Rc8 29. Rxc8 Kxc8 30. Nxd5 1/2-1/2

[Event "OWL-ch U16"]
[Site "Hiddenhausen"]
[Date "2005.01.05"]
[Round "7"]
[White "Piper, Adem"]
[Black "Krueger, Tim"]
[Result "0-1"]
[WhiteElo "1241"]
[BlackElo "1661"]
[PlyCount "96"]
[EventDate "2005.01.02"]
[EventType "swiss"]
[EventRounds "7"]
[EventCountry "GER"]
[SourceTitle "EXT 2007"]
[Source "ChessBase"]
[SourceDate "2006.11.23"]
[SourceVersion "1"]
[SourceVersionDate "2006.11.23"]
[SourceQuality "1"]

1. e4 c5 2. Nf3 Nc6 3. d4 cxd4 4. Nxd4 Nf6 5. Nc3 e5 6. Nf3 d6 7. Bc4 Be7 8. 0-0 Bg4 9. h3 Bh5 10. Nd5 0-0 11. c3 Bg6 12. Nxf6+ Bxf6 13. Nd2 Bg5 14. Qg4 Bh6 15. Nf3 Bxc1 16. Raxc1 Kh8 17. Nh4 Ne7 18. Nf5 Bxf5 19. exf5 g6 20. Bd3 Nxf5 21. Bxf5 gxf5 22. Qxf5 Qe7 23. Rfe1 f6 24. Rcd1 Rg8 25. h4 Rg6 26. g3 Rag8 27. Kh2 Qg7 28. Rg1 Qe7 29. h5 Rg5 30. Qf3 e4 31. Qe2 Re5 32. g4 f5 33. c4 Qh4+ 34. Kg2 Rxg4+ 35. Kf1 Qh3+ 36. Ke1 Rxg1+ 37. Kd2 Qd3+ 38. Qxd3 Rxd1+ 39. Kxd1 exd3 40. Kd2 Kg7 41. Kxd3 Kf6 42. Kd4 Re2 43. f4 Rxb2 44. a3 Ke6 45. h6 Rh2 46. Kc3 Rxh6 47. Kb4 Rh3 48. a4 h5 0-1

[Event "OWL-ch U16"]
[Site "Hiddenhausen"]
[Date "2005.01.04"]
[Round "5"]
[White "Glebovsky, Andrey"]
[Black "Krueger, Tim"]
[Result "1-0"]
[WhiteElo "1456"]
[BlackElo "1661"]
[PlyCount "77"]
[EventDate "2005.01.02"]
[EventType "swiss"]
[EventRounds "7"]
[EventCountry "GER"]
[SourceTitle "EXT 2007"]
[Source "ChessBase"]
[SourceDate "2006.11.23"]
[SourceVersion "1"]
[SourceVersionDate "2006.11.23"]
[SourceQuality "1"]

1. Nf3 d5 2. g3 c5 3. Bg2 Nc6 4. 0-0 g6 5. d3 Bg7 6. e4 e6 7. c3 Nge7 8. Re1 0-0 9. e5 b5 10. d4 cxd4 11. cxd4 Qb6 12. Nc3 Bd7 13. Be3 Nf5 14. h4 Nxe3 15. fxe3 f5 16. Ne2 h6 17. Nf4 Kh7 18. Bh3 Qd8 19. g4 Qe7 20. Qe2 fxg4 21. Bxg4 g5 22. Qc2+ Kg8 23. Ng6 Qf7 24. Nxf8 Rxf8 25. Rf1 Qe7 26. hxg5 hxg5 27. Qg6 Be8 28. Qxe6+ Qf7 29. Nxg5 Qxe6 30. Bxe6+ Kh8 31. Bxd5 Ne7 32. Rxf8+ Bxf8 33. Rf1 Bh6 34. e4 Nxd5 35. exd5 Bxg5 36. Rf8+ Kg7 37. Rxe8 Be3+ 38. Kg2 Bd2 39. d6 1-0

[Event "OWL-ch U16"]
[Site "Hiddenhausen"]
[Date "2005.01.03"]
[Round "4"]
[White "Krueger, Tim"]
[Black "Celik, Bilal"]
[Result "1/2-1/2"]
[WhiteElo "1661"]
[BlackElo "1533"]
[PlyCount "67"]
[EventDate "2005.01.02"]
[EventType "swiss"]
[EventRounds "7"]
[EventCountry "GER"]
[SourceTitle "EXT 2007"]
[Source "ChessBase"]
[SourceDate "2006.11.23"]
[SourceVersion "1"]
[SourceVersionDate "2006.11.23"]
[SourceQuality "1"]

1. c4 Nf6 2. Nc3 g6 3. e3 e5 4. g3 Bg7 5. Nge2 d6 6. Bg2 c6 7. d4 exd4 8. exd4 0-0 9. 0-0 d5 10. cxd5 Nxd5 11. Nxd5 cxd5 12. Be3 Nc6 13. Qb3 Ne7 14. Nf4 Kh8 15. Rfe1 Rb8 16. Rac1 b6 17. Qa3 a5 18. Qc3 Rb7 19. Qb3 Rb8 20. Rc3 Be6 21. Nxe6 fxe6 22. Rec1 Nf5 23. Qd1 Nxe3 24. fxe3 Bh6 25. Qe2 Rf6 26. Rc7 Bg7 27. R1c3 Rf8 28. Qb5 Bh6 29. Qe2 Qf6 30. Rd7 Rbc8 31. Rdc7 Rxc7 32. Rxc7 Qd8 33. Rc3 Qf6 34. Rd3 1/2-1/2

[Event "OWL-ch U16"]
[Site "Hiddenhausen"]
[Date "2005.01.03"]
[Round "3"]
[White "Potthoff, Phillip"]
[Black "Krueger, Tim"]
[Result "1-0"]
[WhiteElo "1483"]
[BlackElo "1661"]
[PlyCount "61"]
[EventDate "2005.01.02"]
[EventType "swiss"]
[EventRounds "7"]
[EventCountry "GER"]
[SourceTitle "EXT 2007"]
[Source "ChessBase"]
[SourceDate "2006.11.23"]
[SourceVersion "1"]
[SourceVersionDate "2006.11.23"]
[SourceQuality "1"]

1. e4 c5 2. Nc3 Nc6 3. g3 g6 4. Bg2 Bg7 5. d3 d6 6. Be3 Bd7 7. Qd2 Nf6 8. Bh6 0-0 9. Bxg7 Kxg7 10. Nge2 e5 11. h3 Qc8 12. f4 Nd4 13. g4 b5 14. Nxd4 cxd4 15. Ne2 Ng8 16. f5 f6 17. Ng3 Ne7 18. h4 Rh8 19. 0-0 Qg8 20. g5 Rf8 21. fxg6 Nxg6 22. gxf6+ Kf7 23. Qh6 Nf4 24. Rxf4 exf4 25. Nh5 Ke8 26. Ng7+ Kd8 27. Qxf4 Qf7 28. Rf1 h5 29. Qxd6 Rh6 30. Ne6+ Kc8 31. Qc7# 1-0

[Event "OWL-ch U16"]
[Site "Hiddenhausen"]
[Date "2005.01.02"]
[Round "1"]
[White "Nolte, Michael"]
[Black "Krueger, Tim"]
[Result "0-1"]
[WhiteElo "1405"]
[BlackElo "1661"]
[PlyCount "104"]
[EventDate "2005.01.02"]
[EventType "swiss"]
[EventRounds "7"]
[EventCountry "GER"]
[SourceTitle "EXT 2007"]
[Source "ChessBase"]
[SourceDate "2006.11.23"]
[SourceVersion "1"]
[SourceVersionDate "2006.11.23"]
[SourceQuality "1"]

1. e4 c5 2. Nf3 Nc6 3. Nc3 g6 4. d3 Bg7 5. Bd2 d6 6. Be2 Bg4 7. h3 Bd7 8. 0-0 Nf6 9. Qc1 0-0 10. Bh6 Nd4 11. Bxg7 Kxg7 12. Qd2 b5 13. a3 e5 14. Na2 Nxf3+ 15. Bxf3 a5 16. b3 b4 17. a4 Ng8 18. Kh2 Ne7 19. Nc1 Nc6 20. Ne2 Nd4 21. Nxd4 cxd4 22. Bd1 f6 23. Bf3 Rf7 24. Rae1 Qe7 25. Bd1 Raf8 26. f3 f5 27. Qf2 g5 28. Qg3 Kh8 29. Kg1 Rg7 30. Rf2 f4 31. Qh2 h5 32. Kf1 Rh7 33. Qh1 g4 34. h4 gxf3 35. Bxf3 Rc8 36. Ree2 Bg4 37. Rd2 Rc5 38. Ke1 Qf6 39. Kd1 Rhc7 40. Kc1 Qe6 41. Kb2 Qc8 42. Qh2 Bxf3 43. gxf3 Rg7 44. Rg2 Rcc7 45. Rg5 Rxg5 46. hxg5 Rh7 47. Qh4 Qc3+ 48. Kb1 Qxd2 49. g6 Rg7 50. Qxh5+ Kg8 51. Qg4 Rc7 52. Qe6+ Kg7 0-1

[Event "Lippe Cup 01st"]
[Site "Lieme"]
[Date "2004.10.23"]
[Round "2"]
[White "Himpenmacher, Andy"]
[Black "Krueger, Tim"]
[Result "1/2-1/2"]
[WhiteElo "1749"]
[BlackElo "1642"]
[PlyCount "80"]
[EventDate "2004.10.22"]
[EventType "swiss"]
[EventRounds "5"]
[EventCountry "GER"]
[SourceTitle "EXT 2012"]
[Source "ChessBase"]
[SourceDate "2011.11.24"]
[SourceVersion "1"]
[SourceVersionDate "2011.11.24"]
[SourceQuality "1"]

1. e4 c5 2. c3 Nc6 3. d4 cxd4 4. cxd4 d5 5. exd5 Qxd5 6. Nf3 e5 7. dxe5 Qxd1+ 8. Kxd1 Bc5 9. Bb5 Bd7 10. Nc3 Nge7 11. Ne4 Bb4 12. a3 Bf5 13. Nf6+ gxf6 14. exf6 0-0-0+ 15. Ke2 Rhe8 16. fxe7 Rxe7+ 17. Be3 Bc5 18. Rac1 Bxe3 19. fxe3 Kc7 20. Rhd1 Rg8 21. g3 Rge8 22. Rc3 Bg4 23. Rd4 Rxe3+ 24. Rxe3 Nxd4+ 25. Kf2 Rxe3 26. Nxd4 Re4 27. Nc2 h5 28. Bd3 Re8 29. Nd4 a6 30. Nb3 Kb8 31. h4 Rc8 32. Ke3 Ka7 33. Nd2 Rc6 34. Be4 Rc1 35. Bd3 Bh3 36. Be2 Rg1 37. Kf2 Rg2+ 38. Kf3 Rh2 39. Ke3 Bg4 40. Bf1 Rh1 1/2-1/2

[Event "Lippe Cup 01st"]
[Site "Lieme"]
[Date "2004.10.23"]
[Round "3"]
[White "Krueger, Tim"]
[Black "Wittke, Ruediger"]
[Result "0-1"]
[WhiteElo "1642"]
[BlackElo "1762"]
[PlyCount "132"]
[EventDate "2004.10.22"]
[EventType "swiss"]
[EventRounds "5"]
[EventCountry "GER"]
[SourceTitle "EXT 2012"]
[Source "ChessBase"]
[SourceDate "2011.11.24"]
[SourceVersion "1"]
[SourceVersionDate "2011.11.24"]
[SourceQuality "1"]

1. Nf3 d5 2. d4 Nf6 3. Bf4 e6 4. e3 c5 5. c4 cxd4 6. Nxd4 dxc4 7. Nc3 Qa5 8. Bxb8 Rxb8 9. Bxc4 Bb4 10. Qb3 0-0 11. 0-0 Bd7 12. Bd3 Rbc8 13. Rfc1 Rfd8 14. a3 Bxc3 15. Rxc3 Rxc3 16. Qxc3 Qxc3 17. bxc3 e5 18. Nb3 Be6 19. Bc2 Rc8 20. Rd1 g6 21. Nd2 Rxc3 22. Ne4 Nxe4 23. Bxe4 b5 24. Ra1 a5 25. Kf1 f5 26. Bf3 Bc4+ 27. Be2 Kf7 28. Ke1 Bxe2 29. Kxe2 Ke6 30. Rb1 Rc5 31. Kd3 Kd5 32. f3 e4+ 33. fxe4+ fxe4+ 34. Kd2 Kc6 35. h3 Rd5+ 36. Ke2 Rd3 37. Ra1 Kd5 38. Rb1 Kc4 39. Rc1+ Kb3 40. Rc5 Ka4 41. Re5 Rxa3 42. Rxe4+ b4 43. Rd4 Rc3 44. e4 Kb5 45. e5 Rc7 46. e6 Re7 47. Rd6 a4 48. Kd3 Kc5 49. Ra6 Kb5 50. Rd6 a3 51. Kc2 Kc4 52. Ra6 Kd5 53. Kb3 Rxe6 54. Ra5+ Kd4 55. Kxb4 Re3 56. Ra7 h5 57. g4 Rxh3 58. gxh5 gxh5 59. Rd7+ Ke5 60. Ra7 h4 61. Kc4 Rg3 62. Ra8 Kf4 63. Kd4 Kg4 64. Ke4 Kh3 65. Rb8 Rg4+ 66. Kf3 Ra4 0-1

[Event "NRW-chT U12"]
[Site "Hagen"]
[Date "2001.03.10"]
[Round "2.2"]
[White "Krueger, Tim"]
[Black "Verhorst, Andreas"]
[Result "1-0"]
[WhiteElo "1008"]
[BlackElo "1018"]
[PlyCount "191"]
[EventDate "2001.03.??"]
[EventType "team"]
[EventRounds "3"]
[EventCountry "GER"]
[SourceTitle "EXT 2003"]
[Source "ChessBase"]
[SourceDate "2002.11.25"]
[SourceVersion "1"]
[SourceVersionDate "2002.11.25"]
[SourceQuality "1"]

1. e4 c5 2. Nc3 d6 3. Bc4 Nf6 4. d3 g6 5. Nf3 Bg7 6. Bg5 0-0 7. Nd5 Nxd5 8. Bxd5 Qa5+ 9. Qd2 Qxd2+ 10. Nxd2 e6 11. Bc4 Nc6 12. c3 Re8 13. 0-0 a6 14. Rfe1 b5 15. Bb3 Ne7 16. Nf3 Bb7 17. Rab1 f6 18. Bxe6+ Kh8 19. Be3 Nc6 20. Bg4 b4 21. c4 h5 22. Bd7 Re7 23. Bxc6 Bxc6 24. Bc1 Rae8 25. Bd2 f5 26. exf5 Bxf3 27. Rxe7 Rxe7 28. gxf3 Rf7 29. Bf4 Bf8 30. Bg3 Rxf5 31. Kg2 Rg5 32. h4 Rf5 33. Re1 d5 34. b3 dxc4 35. dxc4 Kh7 36. Re6 Rf7 37. Rxa6 Rg7 38. Bf4 Be7 39. Kh3 Rf7 40. Kg3 Bxh4+ 41. Kxh4 Rxf4+ 42. Kg3 g5 43. a4 bxa3 44. Rxa3 h4+ 45. Kg2 Kh6 46. Ra5 h3+ 47. Kxh3 Rxf3+ 48. Kg2 Rxb3 49. Rxc5 Kh5 50. Rb5 Rc3 51. Rc5 Kh4 52. Rc8 Rc2 53. c5 g4 54. Kg1 Kg5 55. c6 Kf4 56. c7 Rc1+ 57. Kg2 Rc2 58. Rf8+ Ke4 59. c8Q Rxc8 60. Rxc8 Kd4 61. Re8 Kd5 62. Kg3 Kd4 63. Kxg4 Kd5 64. Kf4 Kd6 65. Kf5 Kd7 66. Re1 Kd6 67. Re2 Kd7 68. Kf6 Kd8 69. Kf7 Kd7 70. Rd2+ Kc6 71. Ke7 Kc5 72. Ke6 Kc4 73. Ke5 Kc3 74. Rd8 Kc4 75. Rd7 Kc3 76. Ke4 Kc2 77. Ke3 Kc3 78. Rc7+ Kb3 79. Kd2 Kb4 80. Kd3 Kb5 81. Kd4 Kb6 82. Rc1 Kb5 83. Rc2 Kb6 84. Kd5 Kb7 85. Kd6 Kb8 86. Kd7 Kb7 87. Rb2+ Ka6 88. Kc7 Ka5 89. Kc6 Ka4 90. Kc5 Ka3 91. Rb8 Ka4 92. Rb7 Ka3 93. Kc4 Ka2 94. Kc3 Ka1 95. Kc2 Ka2 96. Ra7# 1-0